Poppy Playtime LORE!!! - Statistics

General Stats
  • This quiz has been taken 48 times
  • The average score is 8 of 13
Answer Stats
Question Answer % Correct
Who was the founder of Playtime Co.? Elliot Ludwig
87%
Who was the Doctor? Harley Sawyer
87%
What could Poppy do? Talk and interact with children
87%
Who was the first toy? Poppy Playtime!
85%
Who is Experiment 1006? Oliver Ludwig
69%
Who is experiment 1222 (Mommy Long Legs) made of? Marie Payne
64%
What's the name of the 12 year old girl who was used in an experiment that also kept a journal? Riley
59%
What name was Kick-Me-Paul resubmitted under? Push-Me-Paul
56%
Who was the 59 year old man who worked in Playtime Co. since 1955 that got turned to Bron? Thomas Clarke
56%
Why was the Safety Seminar on July 31st, 1995 cancelled? Deeply unsettling noises in Seminar Room
33%
Which room does the Bunzo Bunny production line go through? C2
26%
What was the first actual experiment? 1007. Poppy Playtime
21%
Who created 1354? Leith Pierre
21%
No matching quizzes found
Score Distribution
Percent of People with Each Score
Percentile by Number Answered
Your Score History
You have not taken this quiz